[Event "Oberliga Ost B 2023 2024"]
[Site "?"]
[Date "2024.01.14"]
[Round "5.3"]
[Board "7"]
[White "Rolle, Eric"]
[Black "Klings, Peter"]
[Result "1-0"]
[WhiteElo "2126"]
[BlackElo "1993"]
[PlyCount "85"]
[EventDate "2023.10.22"]
[EventType "team-tourn"]
[EventCountry "GER"]
[WhiteTeam "Marburg SK"]
[BlackTeam "Moerlenbach Birkenau Freibauer"]
[WhiteTeamCountry "GER"]
[BlackTeamCountry "GER"]

1. c4 e5 2. Nc3 Bb4 3. Nf3 Bxc3 4. bxc3 d6 5. e4 Nc6 6. h3 Nge7 7. d4 O-O 8. c5 d5 9. exd5 Qxd5 10. Be3 exd4 11. cxd4 Nf5 12. Qb3 Be6 13. Bd3 Qd7 14. Qc3 Bd5 15. Bb5 Bxf3 16. gxf3 Qd5 17. O-O-O Rae8 18. f4 Qxa2 19. Rd2 Qd5 20. Rg1 Qf3 21. d5 Nce7 22. Bxe8 Rxe8 23. Qe5 Rc8 24. Bd4 Kf8 25. Bb2 Qxh3 26. Kb1 Ng6 27. Qe4 Re8 28. Qb4 Qf3 29. d6 Qc6 30. dxc7 Nfe7 31. f5 Nxf5 32. Rd8 Nfe7 33. Qd4 f6 34. Qd6 Qe4+ 35. Kc1 Qc4+ 36. Kd2 Kf7 37. Re1 Ne5 38. Bxe5 fxe5 39. Rxe5 Qb4+ 40. Ke2 Qg4+ 41. Ke1 Qg1+ 42. Kd2 Qxf2+ 43. Re2 1-0

[Event "Oberliga Ost B 2023 2024"]
[Site "?"]
[Date "2024.01.14"]
[Round "5.3"]
[Board "8"]
[White "Wohlfart, Paulus"]
[Black "Duncker, Joachim"]
[Result "1-0"]
[WhiteElo "2108"]
[BlackElo "2152"]
[PlyCount "107"]
[EventDate "2023.10.22"]
[EventType "team-tourn"]
[EventCountry "GER"]
[WhiteTeam "Moerlenbach Birkenau Freibauer"]
[BlackTeam "Marburg SK"]
[WhiteTeamCountry "GER"]
[BlackTeamCountry "GER"]

1. d4 Nf6 2. c4 e6 3. Nf3 d5 4. Nc3 Bb4 5. Qa4+ Nc6 6. Bd2 O-O 7. e3 a6 8. Qc2 Re8 9. a3 Bxc3 10. Bxc3 Ne4 11. Bd3 Nxc3 12. Qxc3 Bd7 13. O-O Qf6 14. e4 dxc4 15. Qxc4 Rac8 16. e5 Qh6 17. Be4 Nd8 18. Qb3 Qf4 19. Qe3 Qxe3 20. fxe3 f5 21. exf6 gxf6 22. Rac1 f5 23. Bd3 Nf7 24. e4 fxe4 25. Bxe4 Nd6 26. Rfe1 Rf8 27. Ne5 Ba4 28. Rc3 Rf4 29. Rg3+ Kh8 30. Bb1 Rf6 31. Ng4 Rf4 32. Ne5 Rf6 33. Rh3 Nf5 34. b3 Bc6 35. Nxc6 bxc6 36. Rxe6 Rxe6 37. Bxf5 Re1+ 38. Kf2 Rce8 39. Rxh7+ Kg8 40. Rxc7 R1e2+ 41. Kf3 R2e3+ 42. Kf4 Rxb3 43. Rxc6 Rxa3 44. d5 Ra4+ 45. Kg5 Rd8 46. Be6+ Kf8 47. h4 a5 48. Ra6 Ra1 49. Ra7 a4 50. h5 Ra2 51. g4 a3 52. h6 Ra1 53. h7 Rh1 54. Kg6 1-0

[Event "Oberliga Ost B 2023 2024"]
[Site "?"]
[Date "2024.01.14"]
[Round "5.4"]
[Board "1"]
[White "Brueggemann, Joachim"]
[Black "Mazurek, Robert"]
[Result "1/2-1/2"]
[WhiteElo "2280"]
[BlackElo "2243"]
[PlyCount "78"]
[EventDate "2023.10.22"]
[EventType "team-tourn"]
[EventCountry "GER"]
[WhiteTeam "Erfurter SK II"]
[BlackTeam "Gernsheim SK"]
[WhiteTeamCountry "GER"]
[BlackTeamCountry "GER"]

1. e4 e5 2. Nf3 Nc6 3. Bb5 a6 4. Ba4 Nge7 5. c3 f6 6. d4 d5 7. dxe5 dxe4 8. Qxd8+ Kxd8 9. exf6 gxf6 10. Nh4 Ng6 11. Nxg6 hxg6 12. Bxc6 bxc6 13. Be3 Be6 14. Nd2 f5 15. Nb3 Bd6 16. Nd4 Bd7 17. O-O-O Kc8 18. Ne2 Be6 19. b3 a5 20. Kb2 a4 21. Nd4 Bd7 22. g3 axb3 23. axb3 Rh3 24. Ne2 Be5 25. Bd4 Bxd4 26. Rxd4 c5 27. Rd5 e3 28. Nf4 Bc6 29. Nxh3 Bxd5 30. Rg1 Rb8 31. fxe3 Rxb3+ 32. Kc2 c4 33. Ng5 Ra3 34. Kb2 Rb3+ 35. Kc2 Bc6 36. Rf1 Ba4 37. Rf4 Ra3+ 38. Kb2 Rb3+ 39. Kc2 Ra3+ 1/2-1/2

[Event "Oberliga Ost B 2023 2024"]
[Site "?"]
[Date "2024.01.14"]
[Round "5.4"]
[Board "2"]
[White "Hebbering, Tom Elliot"]
[Black "Engers, Felix"]
[Result "1/2-1/2"]
[WhiteElo "2200"]
[BlackElo "2201"]
[PlyCount "30"]
[EventDate "2023.10.22"]
[EventType "team-tourn"]
[EventCountry "GER"]
[WhiteTeam "Gernsheim SK"]
[BlackTeam "Erfurter SK II"]
[WhiteTeamCountry "GER"]
[BlackTeamCountry "GER"]

1. d4 Nf6 2. c4 g6 3. g3 c6 4. Bg2 d5 5. Qa4 Nfd7 6. cxd5 Nb6 7. Qd1 cxd5 8. Nc3 Nc6 9. e3 Bf5 10. Nge2 Nb4 11. O-O Bc2 12. Qe1 Bd3 13. Qd1 Bc2 14. Qe1 Bd3 15. Qd1 Bc2 1/2-1/2

[Event "Oberliga Ost B 2023 2024"]
[Site "?"]
[Date "2024.01.14"]
[Round "5.4"]
[Board "3"]
[White "Kosev, Momchil"]
[Black "Dietz, Holger"]
[Result "0-1"]
[WhiteElo "1900"]
[BlackElo "2263"]
[PlyCount "88"]
[EventDate "2023.10.22"]
[EventType "team-tourn"]
[EventCountry "GER"]
[WhiteTeam "Erfurter SK II"]
[BlackTeam "Gernsheim SK"]
[WhiteTeamCountry "GER"]
[BlackTeamCountry "GER"]

1. d4 d5 2. c4 c6 3. Nf3 Nf6 4. g3 dxc4 5. Bg2 b5 6. O-O e6 7. Ne5 Bb7 8. a4 a6 9. b3 cxb3 10. Bb2 Be7 11. Qxb3 O-O 12. Rc1 Nd5 13. Nd2 Qb6 14. a5 Qc7 15. e4 Nf6 16. d5 exd5 17. Nxc6 Nxc6 18. exd5 Nxd5 19. Bxd5 Qd7 20. Ne4 Nd4 21. Bxd4 Bxd5 22. Qe3 Rfe8 23. Nc3 Bb7 24. Qf4 Qc6 25. f3 Qxf3 26. Qxf3 Bxf3 27. Kf2 Bb7 28. Ne2 Rac8 29. Nf4 Rxc1 30. Rxc1 Rc8 31. Rxc8+ Bxc8 32. Nd3 f5 33. Ke3 Kf7 34. Nf4 g5 35. Nd5 Bd6 36. Bb6 Bb7 37. Kd4 Ke6 38. Nc7+ Kd7 39. Nd5 Bxd5 40. Kxd5 h5 41. Be3 f4 42. Bf2 g4 43. gxf4 Bxf4 44. Bg1 Bc7 0-1

[Event "Oberliga Ost B 2023 2024"]
[Site "?"]
[Date "2024.01.14"]
[Round "5.4"]
[Board "4"]
[White "Braun, Vitali"]
[Black "Seinsoth, Paul"]
[Result "1-0"]
[WhiteElo "2342"]
[BlackElo "1792"]
[PlyCount "89"]
[EventDate "2023.10.22"]
[EventType "team-tourn"]
[EventCountry "GER"]
[WhiteTeam "Gernsheim SK"]
[BlackTeam "Erfurter SK II"]
[WhiteTeamCountry "GER"]
[BlackTeamCountry "GER"]

1. d4 Nf6 2. c4 g6 3. Nc3 Bg7 4. e4 d6 5. Nf3 O-O 6. Be2 Nbd7 7. O-O e5 8. Re1 Re8 9. Bf1 a6 10. d5 a5 11. b3 Nc5 12. Bb2 Nh5 13. a3 a4 14. b4 Nb3 15. Rb1 Bd7 16. Bd3 Nf4 17. Bc2 Bg4 18. Bxb3 axb3 19. Bc1 f5 20. Rxb3 fxe4 21. Nxe4 Rf8 22. h3 Bd7 23. b5 b6 24. Rc3 Qe7 25. a4 h6 26. Ra3 g5 27. Nh2 Qf7 28. Nf1 Qg6 29. Nh2 Rf7 30. Bd2 Raf8 31. a5 bxa5 32. Bxa5 Bf5 33. f3 h5 34. Bd2 Bxh3 35. gxh3 Nxh3+ 36. Kh1 g4 37. Qe2 g3 38. Qg2 h4 39. Qxh3 gxh2 40. Kxh2 Qh5 41. Rf1 Bh6 42. Rg1+ Kh8 43. Bxh6 Qxh6 44. Rg4 Rf4 45. Ng5 1-0

[Event "Oberliga Ost B 2023 2024"]
[Site "?"]
[Date "2024.01.14"]
[Round "5.4"]
[Board "5"]
[White "Krueger, Rainer"]
[Black "Mueller, Maximilian"]
[Result "0-1"]
[WhiteElo "2121"]
[BlackElo "2298"]
[PlyCount "74"]
[EventDate "2023.10.22"]
[EventType "team-tourn"]
[EventCountry "GER"]
[WhiteTeam "Erfurter SK II"]
[BlackTeam "Gernsheim SK"]
[WhiteTeamCountry "GER"]
[BlackTeamCountry "GER"]

1. Nf3 Nf6 2. g3 b5 3. Bg2 Bb7 4. b3 e6 5. Bb2 Be7 6. O-O c5 7. c4 bxc4 8. bxc4 O-O 9. d3 Qb6 10. Qc1 d6 11. Nbd2 Nc6 12. Rb1 Qc7 13. Bc3 Rab8 14. Qa3 Nd7 15. Nb3 d5 16. Na5 Ba8 17. Nxc6 Bxc6 18. Nd2 Nb6 19. Ba5 d4 20. Bxb6 axb6 21. Bxc6 Qxc6 22. Rb5 Bd6 23. Rfb1 Bc7 24. R1b3 f5 25. Qc1 e5 26. f3 h5 27. Ra3 h4 28. Kg2 Qh6 29. Nb3 g5 30. Ra7 Rf7 31. Nxc5 hxg3 32. hxg3 Rh7 33. Qg1 Qh3+ 34. Kf2 e4 35. Rxc7 e3+ 36. Ke1 Qxg3+ 37. Kf1 Rh1 0-1

[Event "Oberliga Ost B 2023 2024"]
[Site "?"]
[Date "2024.01.14"]
[Round "5.4"]
[Board "6"]
[White "Peterson, Emery"]
[Black "Terhorst, Jochen"]
[Result "1/2-1/2"]
[WhiteElo "2173"]
[BlackElo "2129"]
[PlyCount "42"]
[EventDate "2023.10.22"]
[EventType "team-tourn"]
[EventCountry "GER"]
[WhiteTeam "Gernsheim SK"]
[BlackTeam "Erfurter SK II"]
[WhiteTeamCountry "GER"]
[BlackTeamCountry "GER"]

1. e4 c5 2. Nc3 e6 3. Nf3 a6 4. d4 cxd4 5. Nxd4 Qc7 6. Bd3 Nf6 7. O-O d6 8. Kh1 b6 9. f4 Nbd7 10. Be2 Bb7 11. Bf3 Be7 12. Qe1 h5 13. a4 g6 14. Be3 e5 15. Nb3 exf4 16. Bxf4 Ne5 17. a5 b5 18. Rd1 O-O 19. Nd4 Nc6 20. Qg3 Nxd4 21. Rxd4 Qc5 1/2-1/2

[Event "Oberliga Ost B 2023 2024"]
[Site "?"]
[Date "2024.01.14"]
[Round "5.4"]
[Board "7"]
[White "Zitzelsberger, Philipp"]
[Black "Rosenberger, Frank"]
[Result "0-1"]
[WhiteElo "1969"]
[BlackElo "2012"]
[PlyCount "158"]
[EventDate "2023.10.22"]
[EventType "team-tourn"]
[EventCountry "GER"]
[WhiteTeam "Erfurter SK II"]
[BlackTeam "Gernsheim SK"]
[WhiteTeamCountry "GER"]
[BlackTeamCountry "GER"]

1. e4 e6 2. d4 d5 3. e5 c5 4. c3 Qb6 5. Nf3 Bd7 6. a3 cxd4 7. cxd4 Bb5 8. Bxb5+ Qxb5 9. Nc3 Qa6 10. Ne2 Ne7 11. h4 Nbc6 12. O-O h6 13. Bd2 Qb6 14. b4 a6 15. Qa4 Ra7 16. Rfc1 Nf5 17. g4 Nfe7 18. Rc3 h5 19. g5 g6 20. Rac1 Bg7 21. Rc5 O-O 22. Qc2 Nf5 23. Be3 Rfa8 24. Rb1 Bf8 25. Rc3 Qc7 26. Nf4 Qd7 27. Nd3 Rc8 28. Rc1 Raa8 29. Nc5 Bxc5 30. bxc5 Na5 31. Rb1 Nc4 32. Kg2 Rab8 33. Kh3 Kg7 34. Qd3 Qc6 35. Nd2 b5 36. cxb6 Rxb6 37. Rbc1 Qb7 38. Nb3 Nb2 39. Na5 Nxd3 40. Nxb7 Rxc3 41. Rxc3 Nxf2+ 42. Bxf2 Rxb7 43. Kg2 Rb2 44. Kf1 Ra2 45. Rd3 a5 46. Be1 a4 47. Bb4 Rh2 48. Rc3 Rxh4 49. Rc8 Rf4+ 50. Ke1 Rg4 51. Bf8+ Kh7 52. Rc7 Rxg5 53. Rxf7+ Kg8 54. Rf6 Nxd4 55. Bd6 Kg7 56. Bf8+ Kh7 57. Bd6 Rf5 58. Rf8 Rxf8 59. Bxf8 Nf3+ 60. Kf2 Nxe5 61. Ke3 g5 62. Bc5 Kg6 63. Kd4 Nc4 64. Kc3 g4 65. Kb4 g3 66. Kxa4 h4 67. Kb5 h3 68. a4 h2 69. a5 Nxa5 70. Kxa5 h1=Q 71. Kb6 g2 72. Kc7 g1=Q 73. Bxg1 Qxg1 74. Kd6 Kf5 75. Ke7 Qb6 76. Kd7 Kf6 77. Kc8 Qa7 78. Kd8 Qb7 79. Ke8 Qe7# 0-1

[Event "Oberliga Ost B 2023 2024"]
[Site "?"]
[Date "2024.01.14"]
[Round "5.4"]
[Board "8"]
[White "Nies, Peter"]
[Black "Duzy, Stefan"]
[Result "0-1"]
[WhiteElo "2058"]
[BlackElo "1905"]
[PlyCount "166"]
[EventDate "2023.10.22"]
[EventType "team-tourn"]
[EventCountry "GER"]
[WhiteTeam "Gernsheim SK"]
[BlackTeam "Erfurter SK II"]
[WhiteTeamCountry "GER"]
[BlackTeamCountry "GER"]

1. e4 e6 2. d4 d5 3. e5 c5 4. c3 Nc6 5. Nf3 Nh6 6. dxc5 Bxc5 7. Bxh6 gxh6 8. Qd2 Bf8 9. Na3 f6 10. exf6 Qxf6 11. Nb5 Qf7 12. Be2 a6 13. Nbd4 Bg7 14. Qe3 O-O 15. O-O Qf6 16. Rae1 e5 17. Nb3 Bf5 18. Nc5 Kh8 19. Qd2 e4 20. Nd4 Nxd4 21. cxd4 Qxd4 22. Qxd4 Bxd4 23. Nxb7 Ra7 24. Na5 Bb6 25. Nc6 Rg7 26. Kh1 d4 27. f3 d3 28. fxe4 dxe2 29. Rxe2 Rc8 30. exf5 Rxc6 31. f6 Rg8 32. g3 Rf8 33. f7 Kg7 34. Re7 Bd4 35. b4 Rb6 36. Re4 Bc3 37. Rg4+ Rg6 38. Rc4 Bf6 39. Rc6 Be7 40. Rc4 Rxf7 41. Re1 Bd6 42. Re2 Rb7 43. a3 Re7 44. Rd2 Re5 45. Rc6 Be7 46. Rc7 h5 47. Kg2 h4 48. Rd3 hxg3 49. hxg3 Kf7 50. Ra7 Rf6 51. Kh3 Re2 52. Kg4 Rh2 53. Rdd7 Kg6 54. Rd5 h5+ 55. Rxh5 Rxh5 56. Rxe7 a5 57. Rb7 axb4 58. axb4 Rd5 59. b5 Rdd6 60. Rc7 Rb6 61. Rc5 Rb8 62. Rg5+ Kf7 63. Rc5 Rfb6 64. Kh4 R8b7 65. Rf5+ Kg7 66. g4 Rxb5 67. Rf3 Kg6 68. Rc3 Rh7+ 69. Kg3 Kg5 70. Rc8 Rb3+ 71. Kg2 Kxg4 72. Rg8+ Kf5 73. Rf8+ Ke6 74. Re8+ Kd7 75. Ra8 Rf7 76. Ra7+ Ke8 77. Ra8+ Ke7 78. Rc8 Rb6 79. Rh8 Rg6+ 80. Kh1 Kf6 81. Rh5 Kg7 82. Ra5 Kh8 83. Ra8+ Rg8 0-1

[Event "Oberliga Ost B 2023 2024"]
[Site "?"]
[Date "2024.01.14"]
[Round "5.5"]
[Board "1"]
[White "Sadeghi, Behrang"]
[Black "Popovics, Adam"]
[Result "0-1"]
[WhiteElo "2236"]
[BlackElo "2364"]
[PlyCount "80"]
[EventDate "2023.10.22"]
[EventType "team-tourn"]
[EventCountry "GER"]
[WhiteTeam "Homburg Bad SK"]
[BlackTeam "Eppstein SVG"]
[WhiteTeamCountry "GER"]
[BlackTeamCountry "GER"]

1. d4 Nf6 2. Nc3 d5 3. Bf4 a6 4. e3 Bf5 5. Bd3 Bxd3 6. cxd3 e6 7. Nf3 Nbd7 8. O-O c5 9. dxc5 Bxc5 10. d4 Be7 11. Ne5 Rc8 12. Rc1 O-O 13. h3 Qb6 14. Qb3 Qxb3 15. axb3 Nxe5 16. Bxe5 Rc6 17. Ne2 Rfc8 18. Rxc6 Rxc6 19. Rc1 Ne4 20. f3 Rxc1+ 21. Nxc1 Bg5 22. Bf4 Bxf4 23. exf4 Nd6 24. Kf2 Kf8 25. g4 Ke7 26. Nd3 Nb5 27. Ke3 Kd6 28. Nc5 Kc6 29. Kd3 Nc7 30. Na4 Kb5 31. Nc3+ Ka5 32. h4 Nb5 33. f5 Kb4 34. Nxb5 Kxb5 35. fxe6 fxe6 36. Kc3 Ka5 37. b4+ Ka4 38. f4 g6 39. b3+ Kb5 40. h5 gxh5 0-1

[Event "Oberliga Ost B 2023 2024"]
[Site "?"]
[Date "2024.01.14"]
[Round "5.5"]
[Board "2"]
[White "Berebora, Ferenc"]
[Black "Lesny, Florian"]
[Result "1/2-1/2"]
[WhiteElo "2398"]
[BlackElo "2196"]
[PlyCount "49"]
[EventDate "2023.10.22"]
[EventType "team-tourn"]
[EventCountry "GER"]
[WhiteTeam "Eppstein SVG"]
[BlackTeam "Homburg Bad SK"]
[WhiteTeamCountry "GER"]
[BlackTeamCountry "GER"]

1. c4 e6 2. Nc3 d5 3. d4 Nf6 4. Bg5 Be7 5. e3 h6 6. Bh4 O-O 7. Nf3 b6 8. Be2 dxc4 9. Bxc4 Bb7 10. O-O a6 11. Qe2 b5 12. Bd3 Nbd7 13. Rfd1 Qc8 14. e4 c5 15. Bxf6 Bxf6 16. e5 Be7 17. Be4 Bxe4 18. Qxe4 cxd4 19. Qxd4 Nc5 20. Ne4 Nxe4 21. Qxe4 Qb8 22. Rd7 Ra7 23. Rad1 Rc8 24. g3 Qb6 25. Rxa7 1/2-1/2

[Event "Oberliga Ost B 2023 2024"]
[Site "?"]
[Date "2024.01.14"]
[Round "5.5"]
[Board "3"]
[White "Lenz, Jonas"]
[Black "Doluhanova, Evgeniya"]
[Result "1/2-1/2"]
[WhiteElo "2154"]
[BlackElo "2224"]
[PlyCount "29"]
[EventDate "2023.10.22"]
[EventType "team-tourn"]
[EventCountry "GER"]
[WhiteTeam "Homburg Bad SK"]
[BlackTeam "Eppstein SVG"]
[WhiteTeamCountry "GER"]
[BlackTeamCountry "GER"]

1. d4 Nf6 2. c4 e6 3. g3 d5 4. Nf3 Bb4+ 5. Bd2 Be7 6. Bg2 Nbd7 7. Qc2 c6 8. O-O O-O 9. Bf4 b6 10. Rd1 Bb7 11. Ne5 Nh5 12. Bc1 Nhf6 13. Bf4 Nh5 14. Bc1 Nhf6 15. Bf4 1/2-1/2

[Event "Oberliga Ost B 2023 2024"]
[Site "?"]
[Date "2024.01.14"]
[Round "5.5"]
[Board "4"]
[White "Hoffmeister, Frank"]
[Black "Wolf, Ulrich Martin"]
[Result "1/2-1/2"]
[WhiteElo "2157"]
[BlackElo "2195"]
[PlyCount "65"]
[EventDate "2023.10.22"]
[EventType "team-tourn"]
[EventCountry "GER"]
[WhiteTeam "Eppstein SVG"]
[BlackTeam "Homburg Bad SK"]
[WhiteTeamCountry "GER"]
[BlackTeamCountry "GER"]

1. d4 f5 2. Nf3 Nf6 3. g3 g6 4. Bg2 Bg7 5. O-O O-O 6. c4 d6 7. Nc3 c6 8. d5 e5 9. dxe6 Bxe6 10. b3 Na6 11. Ng5 Bc8 12. Bb2 Qe7 13. Rb1 h6 14. Nh3 Be6 15. Nf4 Bf7 16. e3 g5 17. Nfe2 Bg6 18. Rc1 Rad8 19. Qd2 Nc5 20. Rcd1 Nce4 21. Nxe4 Nxe4 22. Qc1 Bh5 23. Bxg7 Kxg7 24. f3 Nc5 25. Rfe1 Qf6 26. Qc3 Qxc3 27. Nxc3 Rfe8 28. Kf2 a5 29. Rd4 Re6 30. Bh3 Rf6 31. Red1 Bg6 32. f4 Kf7 33. Bg2 1/2-1/2

[Event "Oberliga Ost B 2023 2024"]
[Site "?"]
[Date "2024.01.14"]
[Round "5.5"]
[Board "5"]
[White "Kaliski, Erwin"]
[Black "Paschke, Mario"]
[Result "1/2-1/2"]
[WhiteElo "2209"]
[BlackElo "2180"]
[PlyCount "20"]
[EventDate "2023.10.22"]
[EventType "team-tourn"]
[EventCountry "GER"]
[WhiteTeam "Homburg Bad SK"]
[BlackTeam "Eppstein SVG"]
[WhiteTeamCountry "GER"]
[BlackTeamCountry "GER"]

1. e4 c5 2. c3 e5 3. Nf3 Nc6 4. d4 cxd4 5. cxd4 exd4 6. Nxd4 Nf6 7. Nxc6 dxc6 8. Qxd8+ Kxd8 9. f3 Be6 10. Nc3 Bc4 1/2-1/2

[Event "Oberliga Ost B 2023 2024"]
[Site "?"]
[Date "2024.01.14"]
[Round "5.5"]
[Board "6"]
[White "Marschner, Thomas"]
[Black "Schmidt, Walter"]
[Result "1/2-1/2"]
[WhiteElo "1939"]
[BlackElo "2200"]
[PlyCount "30"]
[EventDate "2023.10.22"]
[EventType "team-tourn"]
[EventCountry "GER"]
[WhiteTeam "Eppstein SVG"]
[BlackTeam "Homburg Bad SK"]
[WhiteTeamCountry "GER"]
[BlackTeamCountry "GER"]

1. e4 c5 2. Nf3 Nc6 3. c3 Nf6 4. e5 Nd5 5. d4 cxd4 6. cxd4 d6 7. Bc4 e6 8. O-O Nb6 9. Bd3 Be7 10. Qe2 Nb4 11. Bb5+ Bd7 12. Nc3 O-O 13. Rd1 a6 14. Bxd7 Qxd7 15. Bg5 d5 1/2-1/2

[Event "Oberliga Ost B 2023 2024"]
[Site "?"]
[Date "2024.01.14"]
[Round "5.5"]
[Board "7"]
[White "Erdmann, Stefan"]
[Black "Biegel, Thomas"]
[Result "1/2-1/2"]
[WhiteElo "2110"]
[BlackElo "1955"]
[PlyCount "112"]
[EventDate "2023.10.22"]
[EventType "team-tourn"]
[EventCountry "GER"]
[WhiteTeam "Homburg Bad SK"]
[BlackTeam "Eppstein SVG"]
[WhiteTeamCountry "GER"]
[BlackTeamCountry "GER"]

1. d4 Nf6 2. c4 e6 3. g3 d5 4. Nf3 dxc4 5. Bg2 a6 6. O-O Nc6 7. e3 Rb8 8. Qe2 b5 9. b3 cxb3 10. axb3 Bb4 11. Bb2 O-O 12. Rc1 Na5 13. Ba3 Bxa3 14. Rxa3 c6 15. Qa2 Nb7 16. Ne5 Bd7 17. Rxa6 Nd5 18. Qd2 f6 19. Nxd7 Qxd7 20. Raxc6 Rfc8 21. Bxd5 exd5 22. Rxc8+ Rxc8 23. Rxc8+ Qxc8 24. Qc3 Qf5 25. Nd2 Nd6 26. Qc6 Qe6 27. b4 Kf7 28. Qc7+ Kg6 29. Nf3 h5 30. Nh4+ Kh7 31. Qc6 g5 32. Qc7+ Nf7 33. Nf3 Kg6 34. Qc5 Nd6 35. Nd2 Nc4 36. Nf1 Nd6 37. Qc6 h4 38. f3 h3 39. g4 Kf7 40. Qc2 f5 41. gxf5 Nxf5 42. Kf2 Kg7 43. Qc7+ Kf6 44. Qb7 g4 45. Qxb5 gxf3 46. Qb8 Nd6 47. Qh8+ Kg6 48. Qe5 Ne4+ 49. Kxf3 Ng5+ 50. Kf2 Ne4+ 51. Ke1 Qg4 52. Qf4 Qg2 53. b5 Qb2 54. Qg4+ Kf6 55. Qf4+ Kg6 56. Qg4+ Kf6 1/2-1/2

[Event "Oberliga Ost B 2023 2024"]
[Site "?"]
[Date "2024.01.14"]
[Round "5.5"]
[Board "8"]
[White "Kreiling, Carsten"]
[Black "Dunsbach, Ralf"]
[Result "1/2-1/2"]
[WhiteElo "2093"]
[BlackElo "2068"]
[PlyCount "23"]
[EventDate "2023.10.22"]
[EventType "team-tourn"]
[EventCountry "GER"]
[WhiteTeam "Eppstein SVG"]
[BlackTeam "Homburg Bad SK"]
[WhiteTeamCountry "GER"]
[BlackTeamCountry "GER"]

1. d4 Nf6 2. c4 e6 3. Nc3 Bb4 4. e3 O-O 5. Bd3 d5 6. a3 Bxc3+ 7. bxc3 c5 8. cxd5 exd5 9. Ne2 Nc6 10. O-O Re8 11. f3 b6 12. Ng3 1/2-1/2

[Event "Oberliga Ost B 2023 2024"]
[Site "?"]
[Date "2024.01.14"]
[Round "5.6"]
[Board "1"]
[White "Dolzhykova, Kateryna"]
[Black "Gloeckler, Christian"]
[Result "1-0"]
[WhiteElo "2227"]
[BlackElo "2354"]
[PlyCount "107"]
[EventDate "2023.10.22"]
[EventType "team-tourn"]
[EventCountry "GER"]
[WhiteTeam "Oberursel SV"]
[BlackTeam "Wiesbadener SV"]
[WhiteTeamCountry "GER"]
[BlackTeamCountry "GER"]

1. e4 c5 2. Nf3 d6 3. d4 cxd4 4. Nxd4 Nf6 5. Nc3 a6 6. h3 e5 7. Nde2 h5 8. g3 Be6 9. Bg2 Be7 10. a4 O-O 11. O-O b6 12. b3 Qc7 13. Be3 Rd8 14. f4 exf4 15. gxf4 Bc8 16. Nd5 Nxd5 17. exd5 h4 18. Kh2 Re8 19. Bd4 Nd7 20. Rg1 Bf6 21. Bf3 Kf8 22. c4 Bxd4 23. Qxd4 f6 24. Qf2 Re7 25. Qxh4 Kg8 26. Nd4 Nf8 27. Qxf6 Rf7 28. Qh6 Qc5 29. Rad1 b5 30. Rg2 Raa7 31. axb5 axb5 32. Nxb5 Ra2 33. Qxd6 Qe3 34. Rf1 Qxb3 35. Qc5 Qd3 36. Qxc8 Qxf1 37. Rxa2 Qxf3 38. Qg4 Qb3 39. Qe2 Rxf4 40. Ra8 Rf3 41. Ra3 Rxh3+ 42. Kg2 Qxa3 43. Nxa3 Rxa3 44. c5 Ng6 45. Qe8+ Kh7 46. Qe4 Ra5 47. Qc2 Ra8 48. d6 Kh6 49. Qd2+ Kh7 50. d7 Rd8 51. c6 Ne5 52. c7 Rxd7 53. Qc2+ Nd3 54. c8=Q 1-0

[Event "Oberliga Ost B 2023 2024"]
[Site "?"]
[Date "2024.01.14"]
[Round "5.6"]
[Board "2"]
[White "Khenkin, Igor"]
[Black "Heinz, Axel"]
[Result "1-0"]
[WhiteElo "2503"]
[BlackElo "2430"]
[PlyCount "99"]
[EventDate "2023.10.22"]
[EventType "team-tourn"]
[EventCountry "GER"]
[WhiteTeam "Wiesbadener SV"]
[BlackTeam "Oberursel SV"]
[WhiteTeamCountry "GER"]
[BlackTeamCountry "GER"]

1. d4 Nf6 2. c4 e6 3. Nc3 Bb4 4. e3 O-O 5. Bd3 d5 6. a3 Bxc3+ 7. bxc3 c5 8. cxd5 exd5 9. Ne2 Qc7 10. f3 Re8 11. O-O b6 12. Ng3 Nc6 13. Ra2 Bb7 14. Re2 Rad8 15. Bb2 Re6 16. Kh1 Qc8 17. Ree1 Ba6 18. e4 Bxd3 19. Qxd3 dxe4 20. fxe4 Ne5 21. Qe2 Ng6 22. Qf2 Qb7 23. d5 Ree8 24. c4 Ng4 25. Qe2 N4e5 26. Nf5 f6 27. h4 Ne7 28. Nxg7 Kxg7 29. Bxe5 fxe5 30. Qg4+ Ng6 31. h5 Qe7 32. hxg6 hxg6 33. g3 Rf8 34. Kg2 Rb8 35. a4 Rbd8 36. Rd1 Rxf1 37. Rxf1 Rf8 38. Rxf8 Kxf8 39. Qh4 Qd6 40. Qh8+ Kf7 41. Qh7+ Kf8 42. Qxa7 Qd8 43. Qh7 Qd6 44. Qh8+ Kf7 45. Kf3 Ke7 46. Kg4 Qd7+ 47. Kg5 Qxa4 48. Qxe5+ Kd8 49. Qb8+ Kd7 50. e5 1-0

[Event "Oberliga Ost B 2023 2024"]
[Site "?"]
[Date "2024.01.14"]
[Round "5.6"]
[Board "3"]
[White "Margolin, Boris"]
[Black "Geske, Julian"]
[Result "1-0"]
[WhiteElo "2383"]
[BlackElo "2392"]
[PlyCount "41"]
[EventDate "2023.10.22"]
[EventType "team-tourn"]
[EventCountry "GER"]
[WhiteTeam "Oberursel SV"]
[BlackTeam "Wiesbadener SV"]
[WhiteTeamCountry "GER"]
[BlackTeamCountry "GER"]

1. e4 c5 2. Nf3 Nc6 3. Bb5 e5 4. c3 Bd6 5. O-O a6 6. Ba4 b5 7. Bc2 Nge7 8. a4 b4 9. Re1 O-O 10. d4 cxd4 11. cxd4 Nxd4 12. Nxd4 exd4 13. e5 Bc7 14. Bg5 b3 15. Be4 Rb8 16. Qxd4 d6 17. Bxh7+ Kxh7 18. Qh4+ Kg8 19. Bxe7 Qe8 20. Nc3 dxe5 21. Nd5 1-0

[Event "Oberliga Ost B 2023 2024"]
[Site "?"]
[Date "2024.01.14"]
[Round "5.6"]
[Board "5"]
[White "Dubiel, Jacek"]
[Black "Anwesh, Upadhyaya"]
[Result "1/2-1/2"]
[WhiteElo "2376"]
[BlackElo "2348"]
[PlyCount "48"]
[EventDate "2023.10.22"]
[EventType "team-tourn"]
[EventCountry "GER"]
[WhiteTeam "Oberursel SV"]
[BlackTeam "Wiesbadener SV"]
[WhiteTeamCountry "GER"]
[BlackTeamCountry "GER"]

1. e4 e5 2. Nf3 Nc6 3. d4 exd4 4. Nxd4 Bc5 5. Be3 Qf6 6. c3 Nge7 7. Bc4 O-O 8. O-O b6 9. Qd2 Qg6 10. Nxc6 Qxc6 11. Bxc5 Qxc5 12. Na3 a6 13. Rfe1 b5 14. Bf1 Nc6 15. Nc2 d6 16. a4 Be6 17. Nd4 Nxd4 18. cxd4 Qb6 19. a5 Qa7 20. d5 Bd7 21. Rac1 Rac8 22. e5 dxe5 23. Rxe5 c5 24. dxc6 Rxc6 1/2-1/2

[Event "Oberliga Ost B 2023 2024"]
[Site "?"]
[Date "2024.01.14"]
[Round "5.6"]
[Board "6"]
[White "Ochs, Daniel Elias"]
[Black "Schlamp, Robert"]
[Result "1-0"]
[WhiteElo "2280"]
[BlackElo "2264"]
[PlyCount "83"]
[EventDate "2023.10.22"]
[EventType "team-tourn"]
[EventCountry "GER"]
[WhiteTeam "Wiesbadener SV"]
[BlackTeam "Oberursel SV"]
[WhiteTeamCountry "GER"]
[BlackTeamCountry "GER"]

1. d4 Nf6 2. Nf3 d5 3. c4 e6 4. g3 Be7 5. Bg2 O-O 6. Nc3 c6 7. O-O Nbd7 8. Qd3 b6 9. b3 Ba6 10. Bb2 Rc8 11. Rac1 c5 12. Nb5 Bxb5 13. cxb5 Ne4 14. Ne5 f5 15. Nc6 Qe8 16. a4 Rc7 17. f3 Nd6 18. Qe3 Bf6 19. Qf4 Be7 20. Ba3 g5 21. Qe3 Bf6 22. dxc5 bxc5 23. Bxc5 f4 24. Bxd6 Rxc6 25. bxc6 fxe3 26. cxd7 Qxd7 27. Bxf8 Kxf8 28. f4 Ke7 29. f5 exf5 30. Rc5 f4 31. Rxd5 Qc7 32. gxf4 gxf4 33. Bf3 Qc2 34. Rfd1 Kf7 35. Kh1 Be7 36. Rd7 Kf6 37. R1d5 Qc1+ 38. Rd1 Qc2 39. Rg1 a5 40. Ra7 Qc3 41. Ra6+ Ke5 42. Rd1 1-0